000 00716nam a2200229 a 4500
001 71912
003 BD-RjUL
005 20211209082201.0
008 170509s1989 a|||| |||| 001 0 eng d
035 _a(BD-RjUL)72128
040 _aBD-RjUL
_beng
_cBD-RjUL
_dBD-RjUL
041 _aeng
082 _223
_a658.5
_bGOP 1989
100 _aGoel, B.S.
_9212707
245 _aProduction And Operations Management :
_bFor Managementa Participants Of Various Universities And Institutions /
_cB.S.Goel
250 _a2nd thoroughly rev.ed.
260 _aMeerut :
_bPragati Prakashan,
_c1989.
300 _a502 p. :
_bill. ;
_c22 cm.
500 _aIncludes Index.
650 _aProduction management
_9212708
942 _2ddc
_cBK
999 _c71912
_d71912